The Clime Century (Record no. 4658)

MARC details
000 -LEADER
fixed length control field 00378nam a22001697a 4500
005 - DATE AND TIME OF LATEST TRANSACTION
control field 20160629123838.0
008 - FIXED-LENGTH DATA ELEMENTS--GENERAL INFORMATION
fixed length control field 160629b xxu||||| |||| 00| 0 eng d
020 ## - INTERNATIONAL STANDARD BOOK NUMBER
ISBN 81-297-0804-X
041 ## - LANGUAGE CODE
Language code of text/sound track or separate title eng
082 ## - DEWEY DECIMAL CLASSIFICATION NUMBER
Item number 10824
100 ## - MAIN ENTRY--AUTHOR NAME
Personal name Shenkar, ODED
245 ## - TITLE STATEMENT
Title The Clime Century
260 ## - PUBLICATION, DISTRIBUTION, ETC. (IMPRINT)
Name of publisher Pearson
Year of publication 2005
300 ## - PHYSICAL DESCRIPTION
Number of Pages 176
650 ## - SUBJECT ADDED ENTRY--TOPICAL TERM
Topical Term Management
942 ## - ADDED ENTRY ELEMENTS (KOHA)
Koha item type Books
Holdings
Lost status Damaged status Collection code Home library Current library Shelving location Date acquired Cost, normal purchase price Full call number Accession Number Koha item type
    MANAGEMENT JRU Library JRU Library SHELF-71-A 29/06/2016 110.00 10824 10824 Books
    MANAGEMENT JRU Library JRU Library SHELF-71-A 29/06/2016 110.00 10824 10825 Books